Statistics : a first course.

محفوظ في:
التفاصيل البيبلوغرافية
المؤلف الرئيسي: Sanders, Donald H.
مؤلفون آخرون: Smidt, Robert K.
التنسيق: كتاب
منشور في: Boston, Mass. : McGraw-Hill, 2000.
الطبعة:6th ed. /
الموضوعات:
الوصول للمادة أونلاين:http://www.loc.gov/catdir/enhancements/fy0701/99033377-d.html
الوسوم: إضافة وسم
لا توجد وسوم, كن أول من يضع وسما على هذه التسجيلة!

MARC

LEADER 00000cam a2200000 a 4500
020 |a 0072295473 
040 |a MUL  |b eng.  |e AACR 
082 0 0 |a 519.5 SAN 
100 1 |a Sanders, Donald H. 
245 1 0 |a Statistics :  |b a first course. 
250 |a 6th ed. /  |b Donald H. Sanders, Robert K. Smidt. 
260 |a Boston, Mass. :  |b McGraw-Hill,  |c 2000. 
300 |a xx, 664 p. :  |b ill. ;  |c 27 cm. +  |e 1 computer optical disc (4 3/4 in.) 
500 |a Includes indexes. 
546 |a eng. 
650 0 |a Statistics. 
700 1 |a Smidt, Robert K. 
856 4 2 |u http://www.loc.gov/catdir/enhancements/fy0701/99033377-d.html 
942 |c BK 
999 |c 3185  |d 3185